[Event "III GM-Tage"]
[Site "Pulvermuehle GER"]
[Date "2006.02.25"]
[Round "1"]
[White "Atlas,V"]
[Black "Markos,J"]
[Result "0-1"]
[WhiteElo "2480"]
[BlackElo "2493"]

1.e4 c5 2.Nf3 Nc6 3.Nc3 Nf6 4.d4 cxd4 5.Nxd4 e5 6.Ndb5 d6 7.Nd5 Nxd5 8.exd5 Nb8
9.c4 Be7 10.Bd3 O-O 11.O-O f5 12.f3 a6 13.Nc3 Nd7 14.Be3 Bg5 15.Bf2 Qf6 16.Bc2 Qh6
17.Qe2 e4 18.fxe4 f4 19.Bd4 Bf6 20.Qd2 Ne5 21.Bxe5 Bxe5 22.Rf2 g5 23.Raf1 Qg7
24.Kh1 Bd4 25.Rf3 Be3 26.Rxe3 fxe3 27.Rxf8+ Qxf8 28.Qxe3 Qf1+ 29.Qg1 Qxc4
30.Qc1 Kh8 31.Bb3 Qd4 32.Qxg5 Bh3 33.Qf4 Rg8 34.g3 b5 35.a3 Re8 36.Bd1 Qe5
37.Qxe5+ Rxe5 38.Be2 Kg7 39.Kg1 Kf6 40.Kf2 Re8 41.Ke3 Ke5 42.Nd1 Kf6 43.Kd4 Bd7
44.Nc3 h6 45.Bd3 Rc8 46.Na2 h5 47.Nc3 h4 48.gxh4 Rh8 49.e5+ dxe5+ 50.Kc5 Rxh4
51.d6 Rxh2 52.Ne4+ Kf7 53.Kb6 Rxb2 54.Nc5 Bg4 55.d7 Ke7 56.Kc7 Bxd7 57.Nxd7 Rb3
58.Nxe5 Ke6 59.Ng6 Kd5 60.Kb6 Rxa3 61.Bf1 b4 62.Ne7+ Kd6 63.Nf5+ Ke5 64.Ne7 b3
65.Bd3 b2 66.Bh7 Rg3 67.Nc6+ Kf6 68.Kxa6 Rg6 69.Bxg6 Kxg6 70.Ne7+ Kf7 71.Nd5 b1=Q
72.Nb6 Ke6 73.Kb7 Kd6 74.Ka7 Kc6  0-1

[Event "It"]
[Site "Soller ESP"]
[Date "2006.02.25"]
[Round "8"]
[White "Carlsson,P"]
[Black "Souleidis,G"]
[Result "1-0"]
[WhiteElo "2430"]
[BlackElo "2433"]

1.e4 c5 2.Nf3 Nc6 3.Nc3 Nf6 4.d4 cxd4 5.Nxd4 e5 6.Ndb5 d6 7.Bg5 a6 8.Na3 b5
9.Nd5 Be7 10.Bxf6 Bxf6 11.c3 Bg5 12.Nc2 Ne7 13.Ncb4 O-O 14.a4 bxa4 15.Rxa4 a5
16.Nxe7+ Qxe7 17.Bc4 Bd7 18.Nd5 Qe8 19.Ra2 Bd8 20.O-O Rb8 21.b4 axb4 22.cxb4 Bc6
23.Rb2 Kh8 24.Qe2 f5 25.b5 Bb7 26.exf5 Rxf5 27.Ne3 Rf8 28.Rd2 Rf6 29.Bd5 Bb6
30.Bxb7 Rxb7 31.Nd5 Rf8 32.Nxb6 Rxb6 33.Rd5 h6 34.Rfd1 Qe6 35.h3 Qf6 36.Qe3 Rfb8
37.Qd3 Qe6 38.Kh2 Qf6 39.Kg1 Qe6 40.h4 Qf6 41.h5 Kg8 42.Qc4 Qf7 43.Qe2 Qf6
44.g3 Qe6 45.Kg2 Qf6 46.R1d2 R8b7 47.Qd3 Rb8 48.Qe2 R8b7 49.Ra2 Rb8 50.Ra7 R6b7
51.Ra6 Rb6 52.Rxb6 Rxb6 53.Qc4 Qe6 54.Qd3 Qe8 55.Qe2 Kh8 56.Kg1 Qa8 57.Qd3 Qe8
58.Qe2 Qa8 59.Qd2 Qe8 60.Qa5 Qb8 61.Qb4 Qe8 62.Qc4 Qb8 63.Kh2 Qe8 64.Kg2 Qb8
65.Qd3 Qe8 66.Qg6 Qxg6 67.hxg6 Kg8 68.f4 exf4 69.gxf4 Kf8 70.Kf2 Ke7 71.f5 Rb8
72.Ke3 Ra8 73.b6 Rb8 74.Rb5 Kd7 75.b7 Kc6 76.Rb1 Kd5 77.Kf4 h5 78.f6 gxf6
79.g7 Kd4 80.g8=Q Rxg8 81.b8=Q Rxb8 82.Rxb8 d5 83.Rd8 h4 84.Rh8 Kd3 85.Rxh4 d4
86.Rh3+ Kc4 87.Ke4 f5+ 88.Kxf5 d3 89.Ke4 d2 90.Rd3  1-0

[Event "2nd ch-SCG Women"]
[Site "Tivat SCG"]
[Date "2006.02.25"]
[Round "5"]
[White "Drljevic,L"]
[Black "Djukic,Sa"]
[Result "1/2-1/2"]
[WhiteElo "2213"]
[BlackElo "2152"]

1.e4 c5 2.Nf3 Nc6 3.Nc3 g6 4.d4 cxd4 5.Nxd4 Bg7 6.Be3 Nf6 7.Be2 O-O 8.Qd2 d6
9.h3 Bd7 10.Nb3 Re8 11.O-O a6 12.a4 Na5 13.Ra3 Be6 14.e5 Nxb3 15.Rxb3 Nd7
16.Rxb7 Bxe5 17.Ne4 Qc8 18.Rb4 a5 19.Rb5 Bc4 20.Bxc4 Qxc4 21.Ng5 Qxa4 22.Qd5 e6
23.Qb7 Red8 24.b3 Qh4 25.Nf3 Qe7 26.Nxe5 dxe5 27.Bc5 Qg5 28.Be3 Qf5 29.c4 Qd3
30.Qf3 e4 31.Qg3 a4 32.bxa4 Qxc4 33.Bg5 Rdc8 34.Rb7 Qxa4 35.Qd6 Ra7 36.Rxa7 Qxa7
37.Rd1 Nf8 38.Bh6 Qb8 39.Qd4 e5 40.Qxe4 Re8 41.Re1 Ne6 42.Qxe5  1/2-1/2

[Event "2nd Bundesliga Ost 2005-6"]
[Site "Austria AUT"]
[Date "2006.02.26"]
[Round "9"]
[White "Glaser,G"]
[Black "Steiner,Ad"]
[Result "1/2-1/2"]
[WhiteElo "2029"]
[BlackElo "2126"]

1.e4 c5 2.Nc3 Nc6 3.Nf3 g6 4.d4 cxd4 5.Nxd4 Bg7 6.Be3 Nf6 7.Nb3 O-O 8.Be2 d6
9.Qd2 Be6 10.Rd1 Ne5 11.Nd4 Rc8 12.Nxe6 fxe6 13.O-O a6 14.h3 b5 15.a3 Nc4
16.Bxc4 Rxc4 17.e5 Ne8 18.Bh6 Qb6 19.Bxg7 Kxg7 20.Ne2 Re4 21.exd6 exd6 22.c3 d5
23.Ng3 Ref4 24.Qe3 Qxe3 25.fxe3 Rxf1+ 26.Nxf1 Nd6 27.Nd2 Nc4 28.Nxc4 bxc4
29.e4 dxe4 30.Re1 Rb8 31.Rxe4 Kf6 32.Rxc4 Rxb2 33.Rc6 a5 34.Rc5 a4 35.Rc4 Rb3
36.Rxa4 Rxc3 37.Kf2 e5 38.Ra8 Kf5 39.a4 Ke4 40.a5 Ra3 41.a6 h5 42.h4 Kf4
43.Rf8+ Kg4 44.Rf6 g5 45.hxg5 Kxg5 46.Rb6 Kf5 47.Rh6 Kg4 48.Re6 Kf4 49.Rh6 Ra2+
50.Ke1 Ke3 51.Kd1 e4 52.Rxh5 Rxa6 53.Rh3+ Kf2 54.Rh8 Rd6+ 55.Kc2 e3 56.g4 e2
57.Rf8+ Ke1 58.g5 Rd2+ 59.Kc1 Rd5 60.g6 Rc5+ 61.Kb2 Rg5 62.Rf6 Kd2 63.Rd6+ Ke3
64.Re6+ Kd3 65.Rd6+ Ke3 66.Re6+ Kf2 67.Rf6+ Kg1 68.Re6 Rg2 69.Kb3 Kf2 70.Rf6+ Ke3
71.Re6+ Kf3 72.Rf6+ Ke4 73.Re6+ Kf5 74.Re8 Kxg6 75.Kc3 Kf7 76.Re4 Kf6 77.Kd2 e1=N+
78.Kxe1  1/2-1/2

[Event "Masters"]
[Site "Bruges BEL"]
[Date "2006.02.26"]
[Round "2"]
[White "Maenhout,T"]
[Black "Zozulia,A"]
[Result "1/2-1/2"]
[WhiteElo "2303"]
[BlackElo "2366"]

1.e4 c5 2.Nf3 Nc6 3.Nc3 e5 4.Bc4 Be7 5.d3 d6 6.O-O Bg4 7.h3 Bh5 8.Nd5 a6
9.a4 Nd4 10.g4 Nxf3+ 11.Qxf3 Bg6 12.Qg2 Nf6 13.Nxe7 Qxe7 14.f4 exf4 15.Bxf4 Nd7
16.Bd5 Ne5 17.Rab1 a5 18.Rbd1 O-O 19.Qg3 Rac8 20.h4 h5 21.Bxe5 Qxe5 22.Qxe5 dxe5
23.gxh5 Bxh5 24.Rd2 Bg4 25.Bxb7 Rb8 26.Bd5 Rxb2 27.Rdf2 Bh3 28.Rxf7 Rxf7
29.Rxf7 Kh7 30.Kh2 Bc8 31.Bb3 Ba6 32.Rc7 Bxd3 33.Rxc5 Bxe4 34.Kg3 Kg6 35.Rxe5 Bxc2
36.Bxc2+ Rxc2 37.Rxa5 Rc4 38.Kf3 Rxh4 39.Ra8 Rb4 40.Ra5 Rh4 41.Kg3  1/2-1/2

[Event "1st ONGC Cup"]
[Site "Hyderabad IND"]
[Date "2006.02.27"]
[Round "3"]
[White "Tiwari,Ar"]
[Black "Laxman,R"]
[Result "0-1"]
[WhiteElo "2261"]
[BlackElo "2418"]

1.e4 c5 2.Nc3 Nc6 3.Bb5 Nd4 4.Bc4 e6 5.Nf3 Ne7 6.O-O Nxf3+ 7.Qxf3 Nc6 8.d3 Nd4
9.Qd1 a6 10.a4 Rb8 11.Bf4 d6 12.Ne2 Nxe2+ 13.Qxe2 b5 14.axb5 axb5 15.Bb3 Be7
16.Ra7 O-O 17.c3 Bb7 18.Qg4 Qb6 19.Raa1 Bf6 20.Rae1 Rbd8 21.Bc1 b4 22.c4 Bd4
23.Kh1 f5 24.Qg3 Kh8 25.Re2 e5 26.f4 Qc6 27.Bd1 fxe4 28.Rxe4 Qc8 29.Bg4 Qa8
30.Ree1 Rde8 31.f5 e4 32.dxe4 Rxe4 33.Rxe4 Bxe4 34.b3 d5 35.cxd5 Qxd5 36.Bh3 Be5
37.Qh4 Bf6 38.Qf4 Qd3 39.Bg4 Be5 40.Qf2 Bd4 41.Qe1 Bd5 42.Bg5 Bc3 43.Qf2 Bxb3
44.Be7 Bd4 45.Qe1 Ra8 46.f6 gxf6 47.Bxf6+ Bxf6 48.Rxf6 Qd4 49.Rf1 Qxg4  0-1

[Event "Breizh Masters"]
[Site "Guingamp FRA"]
[Date "2006.02.28"]
[Round "4"]
[White "Jolly,J"]
[Black "Bogdan,D"]
[Result "1/2-1/2"]
[WhiteElo "2206"]
[BlackElo "2441"]

1.e4 c5 2.Nf3 Nc6 3.Nc3 g6 4.d4 cxd4 5.Nxd4 Bg7 6.Be3 Nf6 7.Bc4 O-O 8.Bb3 a5
9.a4 Ng4 10.Nxc6 Nxe3 11.Nxe7+ Qxe7 12.fxe3 Qh4+ 13.Kd2 d5 14.Bxd5 Be6 15.Ra3 Rac8
16.Kc1 Rfd8 17.Qf3 Bxc3 18.bxc3 Bxd5 19.exd5 Qc4 20.Rd1 b5 21.axb5 Qxb5 22.Rd4 Qc5
23.Rb3 a4 24.Rxa4 Rxd5 25.Rd4 Rf5 26.Rf4 Rxf4 27.Qxf4 Qa7  1/2-1/2

[Event "1st ONGC Cup"]
[Site "Hyderabad IND"]
[Date "2006.02.28"]
[Round "5"]
[White "Satyapragyan,S"]
[Black "Sharma,Vi"]
[Result "1-0"]
[WhiteElo "2403"]
[BlackElo "2225"]

1.e4 c5 2.Nc3 Nc6 3.Bb5 Nd4 4.Bc4 g6 5.Nf3 Bg7 6.Nxd4 cxd4 7.Qf3 e6 8.Nb5 d6
9.Qa3 Ke7 10.c3 dxc3 11.Nxc3 Qb6 12.O-O Nf6 13.d3 Ng4 14.h3 Ne5 15.Be3 Nxc4
16.dxc4 Qa6 17.Qb4 Bxc3 18.Qxc3 f6 19.Rad1 Qc6 20.c5 d5 21.b4 Rd8 22.e5 Bd7
23.exf6+ Kf7 24.Bd4 h5 25.Qe3 Rh8 26.h4 Qc7 27.Rfe1 Rae8 28.Be5 Qc8 29.Qg5 Ba4
30.Rd2 a6 31.Re3 Bd7 32.Qxg6+  1-0

[Event "1st ONGC Cup"]
[Site "Hyderabad IND"]
[Date "2006.03.01"]
[Round "6"]
[White "Himanshu,Sh"]
[Black "Abhishek,D"]
[Result "1/2-1/2"]
[WhiteElo "2411"]
[BlackElo "2224"]

1.e4 c5 2.Nf3 Nc6 3.Nc3 e5 4.Bc4 d6 5.d3 Be7 6.h3 Nf6 7.O-O O-O 8.a4 h6 9.Nh2 Be6
10.Ng4 Nxg4 11.hxg4 Qd7 12.f3 Bg5 13.Bxg5 hxg5 14.Kf2 g6 15.Qd2 f6 16.Rh1 Kg7
17.Bxe6 Qxe6 18.Nd5 Rac8 19.c3 Ne7 20.Ne3 d5 21.c4 dxc4 22.dxc4 Nc6 23.Rab1 Rcd8
24.Nd5 a5 25.Rbd1 b6 26.Rh3 Nd4 27.Rdh1 Rh8 28.Qd1 Rxh3 29.Rxh3 Rh8 30.Rxh8 Kxh8
31.Ke3 Kg7 32.Kd3 Qd6 33.Kc3 Qc6 34.g3 Qd6 35.Kd3 f5 36.gxf5 gxf5 37.exf5 Nxf5
38.Qb3 e4+ 39.Kxe4 Qe6+ 40.Kd3 Nd4 41.Qd1 Qf5+ 42.Ke3 Qe5+ 43.Kf2 Nf5 44.Qe2 Qxg3+
45.Kf1 Qh3+ 46.Kg1 Qg3+ 47.Kf1 Qh3+ 48.Kg1 Qg3+ 49.Kf1 Qh3+ 50.Ke1 Qh4+ 51.Kd1 Qd4+
52.Kc1 Qg1+ 53.Qd1 Qxd1+ 54.Kxd1 Nd4 55.Nxb6 Nxf3 56.Nd7 g4 57.Nxc5 g3 58.Ne6+ Kf6
59.Nf4 Ke5 60.Ng2 Kd4 61.Ke2 Ne5 62.Nh4 Kxc4 63.Nf5 g2 64.Kf2 Nd3+ 65.Kxg2 Nxb2  1/2-1/2

[Event "2nd ch-SCG"]
[Site "Pancevo SCG"]
[Date "2006.03.02"]
[Round "4"]
[White "Kontic,D"]
[Black "Damljanovic,B"]
[Result "0-1"]
[WhiteElo "2355"]
[BlackElo "2615"]

1.e4 c5 2.Nc3 Nc6 3.Nge2 d6 4.d4 cxd4 5.Nxd4 Nf6 6.Bg5 e6 7.Qd2 Be7 8.O-O-O O-O
9.Kb1 a6 10.f4 Nxd4 11.Qxd4 b5 12.Bxf6 Bxf6 13.Qxd6 Qxd6 14.Rxd6 Bb7 15.Bd3 g5
16.f5 Rad8 17.Rb6 Bc8 18.g4 Bd4 19.Rc6 Rfe8 20.h4 exf5 21.gxf5 g4 22.h5 Kh8
23.Ne2 Bb7 24.Nxd4 Rxd4 25.Rc7 Bxe4 26.Re1 Rxd3 27.cxd3 Bxd3+ 28.Kc1 Rxe1+
29.Kd2 Re8 30.Kxd3 Kg7 31.Rc6 f6 32.Rxa6 Re5 33.h6+ Kxh6 34.Rxf6+ Kg7 35.Rb6 g3
36.Rb7+ Kf6 37.Rc7 Rxf5 38.Ke4 g2 39.Rc6+ Kg5 40.Rc7 Rf6  0-1

[Event "1st ONGC Cup"]
[Site "Hyderabad IND"]
[Date "2006.03.04"]
[Round "9"]
[White "Neelotpal,D"]
[Black "Sandeep,Y"]
[Result "1-0"]
[WhiteElo "2512"]
[BlackElo "2223"]

1.e4 c5 2.Nc3 Nc6 3.Nf3 e5 4.Bc4 Be7 5.d3 Nf6 6.O-O d6 7.Ng5 O-O 8.f4 exf4
9.Bxf4 Ng4 10.Nf3 Bf6 11.Nd5 Bxb2 12.Bg5 Bd4+ 13.Kh1 Qd7 14.c3 Bf6 15.Bxf6 Nxf6
16.Nxf6+ gxf6 17.h3 Qe7 18.Nh4 Ne5 19.Bd5 Kh8 20.Qh5 Rg8 21.d4 cxd4 22.cxd4 Ng6
23.Nf5 Bxf5 24.Qxf5 Kg7 25.Rab1 Rab8 26.Rb3 Rgf8 27.g3 Rfd8 28.Rbf3 Rd7 29.h4 Rg8
30.h5 Nf8 31.Qxf6+ Qxf6 32.Rxf6 Ne6 33.h6+ Kh8 34.Rxf7 Rxf7 35.Rxf7 Rg6 36.Rxb7 Rxh6+
37.Kg2 Nxd4 38.Rxa7 Rg6 39.a4 h5 40.Kf2 Rg7 41.Rxg7 Kxg7 42.Ke3 Nc2+ 43.Kd3  1-0

[Event "2nd ch-SCG"]
[Site "Pancevo SCG"]
[Date "2006.03.04"]
[Round "6"]
[White "Kovacevic,A"]
[Black "Krivokapic,M"]
[Result "1-0"]
[WhiteElo "2535"]
[BlackElo "2352"]

1.e4 c5 2.Nc3 Nc6 3.Nf3 Nf6 4.d4 cxd4 5.Nxd4 d6 6.f3 e6 7.Be3 a6 8.Qd2 Be7
9.O-O-O Nxd4 10.Bxd4 Bd7 11.g4 h6 12.h4 Qc7 13.Rg1 g5 14.hxg5 hxg5 15.Be3 Nh7
16.Rh1 O-O-O 17.Rh5 Qa5 18.Bd3 Nf6 19.Rxh8 Rxh8 20.Bxg5 Rh3 21.Be2 Bc6 22.Kb1 Rh8
23.Nd5  1-0

[Event "2nd ch-SCG"]
[Site "Pancevo SCG"]
[Date "2006.03.05"]
[Round "7"]
[White "Kontic,D"]
[Black "Miladinovic,I"]
[Result "1/2-1/2"]
[WhiteElo "2355"]
[BlackElo "2607"]

1.e4 c5 2.Ne2 Nc6 3.Nbc3 e6 4.h3 d5 5.exd5 exd5 6.d4 Nf6 7.Be3 cxd4 8.Nxd4 Bb4
9.Bb5 Bd7 10.O-O O-O 11.Nde2 Qa5 12.a3 Bxc3 13.Nxc3 d4 14.Bxc6 dxc3 15.b4 Qf5
16.Bxb7 Rad8 17.Qf3 Qg6 18.a4 Bf5 19.a5 Bxc2 20.Bxa7 Ne4 21.Bc5 Rfe8 22.a6 Nd2
23.Qxc3 Nxf1 24.Rxf1 Be4 25.Bxe4 Qxe4 26.b5 Qe2 27.Qb3 Rd3 28.Qb1 Rd5 29.Rc1 Red8  1/2-1/2

[Event "XXII Open"]
[Site "Reykjavik ISL"]
[Date "2006.03.06"]
[Round "1"]
[White "Player,E"]
[Black "Jonsson,Bjorg"]
[Result "0-1"]
[WhiteElo "2122"]
[BlackElo "2392"]

1.e4 c5 2.Nc3 Nc6 3.Bb5 g6 4.Bxc6 dxc6 5.d3 Bg7 6.Be3 Qd6 7.Qd2 e5 8.Nge2 Nf6
9.h3 Nd7 10.Bh6 O-O 11.h4 Nf6 12.f3 b5 13.g4 c4 14.O-O-O b4 15.Nb1 cxd3 16.Bxg7 Kxg7
17.Qxd3 Qxd3 18.Rxd3 Be6 19.Nd2 c5 20.Rd1 Rfc8 21.Rd6 a5 22.Kb1 c4 23.Nf1 c3
24.b3 Ne8 25.Rb6 Rcb8 26.Rxb8 Rxb8 27.Ne3 Nc7 28.Nc1 f6 29.Ne2 Kf7 30.Rd3 Ke7
31.a4 Rh8 32.Ng3 Rd8 33.Rxd8 Kxd8 34.h5 Ke7 35.Kc1 Na6 36.Ng2 Nb8 37.Ne1 Nc6
38.hxg6 hxg6 39.Ne2 Kd6 40.Kd1 Bc8 41.Ng2 Ba6 42.Ng1 Bc8 43.Nh4 g5 44.Ng2 Nd4
45.Ne3 Be6 46.Kc1 Kc5 47.Kb1 Nxb3 48.cxb3 Bxb3 49.Ne2 Bxa4 50.Kc1 Bb3 51.Ng3 a4
52.Nh5 a3 53.Kb1 Kd4  0-1

[Event "XXII Open"]
[Site "Reykjavik ISL"]
[Date "2006.03.06"]
[Round "1"]
[White "Rogers,I"]
[Black "Johansson,V"]
[Result "1-0"]
[WhiteElo "2547"]
[BlackElo "2222"]

1.e4 c5 2.Nc3 Nc6 3.Bb5 d6 4.Bxc6+ bxc6 5.f4 g6 6.Nf3 Bg7 7.O-O Nf6 8.d3 O-O
9.Qe1 Rb8 10.b3 Ne8 11.Bd2 Nc7 12.Qh4 e6 13.Qxd8 Rxd8 14.e5 d5 15.Na4 Bf8
16.c4 Na6 17.Ba5 Rd7 18.Rfd1 Nb4 19.Rd2 Kg7 20.g3 Bb7 21.Kf2 Be7 22.Ke2 h6
23.h4 h5 24.Rc1 Na6 25.Rb2 Bc8 26.Bd2 Rdb7 27.Be3 Rb4 28.Rcc2 d4 29.Bd2 R4b7
30.Rc1 Bd7 31.Rg1 Rh8 32.Bc1 Nc7 33.Rc2 Na6 34.Ba3 Rbb8 35.Ng5 f5 36.exf6+ Bxf6
37.Nxc5 Nxc5 38.Bxc5 e5 39.Ne4 Rbe8 40.Kd2 Bg4 41.Nxf6 Kxf6 42.fxe5+ Ke6
43.Rf1 Bf5 44.Rf4 Rh7 45.Rxd4 Kxe5 46.Kc3 Kf6 47.Rd6+ Re6 48.Re2 Rxd6 49.Bxd6 Rd7
50.Be5+ Kf7 51.d4  1-0

[Event "ch-LAT"]
[Site "Riga LAT"]
[Date "2006.03.07"]
[Round "10"]
[White "Tronenkovs,V"]
[Black "Sveshnikov,E"]
[Result "1/2-1/2"]
[WhiteElo "2261"]
[BlackElo "2503"]

1.e4 c5 2.Nc3 Nc6 3.Nge2 Nf6 4.d4 cxd4 5.Nxd4 e5 6.Ndb5 d6 7.Nd5 Nxd5 8.exd5 Ne7
9.c4 Ng6 10.Qa4 Bd7 11.Qb4 Qb8 12.Be3 f5 13.Qa5 Kf7 14.Bxa7 Qc8 15.a4 Be7
16.Ra3 Bxb5 17.axb5 Bd8 18.Qb4 b6 19.Qxd6 Be7 20.Qxb6 Bb4+ 21.Kd1 Bxa3 22.bxa3 Rd8
23.Qc5 Qb7 24.b6 Rxa7 25.bxa7 Qb1+ 26.Kd2 Qb2+ 27.Kd1  1/2-1/2

[Event "XXII Open"]
[Site "Reykjavik ISL"]
[Date "2006.03.08"]
[Round "3"]
[White "Nataf,IA"]
[Black "Thorhallsson,T"]
[Result "1-0"]
[WhiteElo "2553"]
[BlackElo "2455"]

1.e4 c5 2.Nf3 Nc6 3.Nc3 d6 4.d4 cxd4 5.Nxd4 Nf6 6.Bg5 e6 7.Qd2 Be7 8.O-O-O O-O
9.f4 h6 10.Bh4 e5 11.Nf5 Bxf5 12.exf5 exf4 13.Kb1 d5 14.Bxf6 Bxf6 15.Nxd5 Be5
16.Bc4 Rc8 17.Qf2 Qd6 18.Bb3 Rfd8 19.c3 Na5 20.Nxf4 Qc6 21.Nd5 Re8 22.Bc2 Bf6
23.Nxf6+ Qxf6 24.Qd4 Re2 25.Qxf6 gxf6 26.Rhg1 Nc4 27.Kc1 Ne5 28.Rd2 Re3 29.Rd4 Re2
30.Kd1 Rf2 31.Rd2 Rf4 32.g3 Rg4 33.h3 Rg5 34.Be4 Nc4 35.Re2 Re8 36.b3 Nd6
37.Bd3 Rxe2 38.Kxe2 Nxf5 39.Bxf5 Rxf5 40.Rf1 Rg5 41.g4 Re5+ 42.Kd3 Kg7 43.Rf5 Re6
44.Rb5 Re7 45.a4 Kf8 46.Kd4 Rd7+ 47.Rd5 Rc7 48.c4 Ke7 49.Rh5 Rd7+ 50.Kc3 Rd1
51.Rxh6 Rf1 52.Rh5 Rf3+ 53.Kb4 Kd6 54.a5 Kc6 55.Rf5 Rxh3 56.Rxf6+ Kc7 57.Rxf7+ Kc6
58.g5 Rg3 59.Rf6+ Kc7 60.g6 a6 61.Rf7+ Kc6 62.g7 Rg1 63.Kc3 Rg4 64.Kd3 Rg3+
65.Ke4 b6 66.Kf5 bxa5 67.Rf6+  1-0

[Event "ch-EST"]
[Site "Tallinn EST"]
[Date "2006.03.08"]
[Round "6"]
[White "Liiva,R"]
[Black "Schuls,O"]
[Result "1-0"]
[WhiteElo "2411"]
[BlackElo "2267"]

1.e4 c5 2.Nc3 Nc6 3.Bb5 e6 4.Bxc6 bxc6 5.f4 c4 6.e5 f5 7.Qh5+ g6 8.Qe2 Ba6
9.b3 Qb6 10.bxc4 Qd4 11.Nf3 Qxc4 12.Qxc4 Bxc4 13.d3 Ba6 14.Be3 Bb4 15.Bd2 Nh6
16.Na4 Be7 17.Be3 Ng4 18.Bg1 Rb8 19.h3 Nh6 20.Bxa7 Ra8 21.Be3 Nf7 22.Nc5 Bc8
23.Bd4 O-O 24.Kd2 d6 25.exd6 Bxd6 26.g3 Re8 27.h4 e5 28.fxe5 Nxe5 29.Nxe5 Bxc5
30.Bxc5 Rxe5 31.d4 Re4 32.Rhe1 Ra4 33.Rxe4 fxe4 34.a3 Bf5 35.Rb1 Ra6 36.Rb7 e3+
37.Kxe3 Bxc2 38.Kf4 h6 39.Ke5 Ra8 40.Kf6 Be4 41.Bd6 Re8 42.Rg7+ Kh8 43.Be5 Bd5
44.Kxg6 Re6+ 45.Bf6 Be4+ 46.Kf7 Bd5 47.Rg8+  1-0

[Event "FSIMB March"]
[Site "Budapest HUN"]
[Date "2006.03.09"]
[Round "6"]
[White "Karim,I"]
[Black "Duong The Anh"]
[Result "0-1"]
[WhiteElo "2234"]
[BlackElo "2287"]

1.e4 c5 2.Nc3 Nc6 3.Nf3 d6 4.d4 cxd4 5.Nxd4 Nf6 6.Bc4 e6 7.a3 Be7 8.Ba2 a6
9.O-O O-O 10.Kh1 Qc7 11.f4 Bd7 12.f5 Nxd4 13.Qxd4 b5 14.Bg5 a5 15.Bb3 Ra6
16.Rf3 Qb7 17.fxe6 fxe6 18.Nd5 Nxd5 19.exd5 Rxf3 20.dxe6 Rxb3 21.exd7 Bxg5
22.cxb3 h6 23.Qg4 Ra8 24.Re1 Qc6 25.Qe6+ Kh7 26.Qf5+ Kh8 27.Qf7 Bf6 28.Re8+ Kh7
29.Qg8+ Kg6 30.Rc8 Qc1+ 31.Rxc1 Rxg8  0-1

[Event "70th ch-BUL"]
[Site "Svilengrad BUL"]
[Date "2006.03.09"]
[Round "12"]
[White "Petkov,V"]
[Black "Grigorov,G"]
[Result "1-0"]
[WhiteElo "2512"]
[BlackElo "2405"]

1.e4 c5 2.Nc3 Nc6 3.Bb5 Nd4 4.Bc4 e6 5.Nge2 Nf6 6.d3 d5 7.exd5 exd5 8.Bb3 Nxb3
9.axb3 Be7 10.O-O O-O 11.d4 h6 12.dxc5 Bxc5 13.Nd4 a6 14.h3 Re8 15.Be3 Ne4
16.Re1 Bb4 17.Qd3 Nc5 18.Qe2 Ne4 19.Bd2 Bc5 20.Qd3 Qh4 21.Be3 Qh5 22.Nde2 Bxe3
23.Qxe3 Nf6 24.Qd4 Qf5 25.Nf4 Be6 26.Re2 Bd7 27.Rae1 Rxe2 28.Rxe2 Re8 29.g4 Qg5
30.Rxe8+ Bxe8 31.f3 Bc6 32.Nce2 Bb5 33.Kg2 Bxe2 34.Nxe2 Qh4 35.Ng3 g6 36.Qe5 Nh7
37.f4 Nf6 38.Qb8+ Kg7 39.Qxb7 h5 40.g5 Nh7 41.Qc7 Nf8 42.Ne2 Ne6 43.Qc3+ Kf8
44.Qg3 Qxg3+ 45.Kxg3 Ke7 46.Kf3 f6 47.h4 fxg5 48.fxg5 Kd6 49.c3 Ke5 50.Ke3 Ng7
51.Nd4 Ne8 52.b4 Nd6 53.b3 Ne4 54.c4 Nd6 55.b5 axb5 56.cxb5 Nc8 57.Nc6+ Kf5
58.Kf3 Ke6 59.Kf4 Kd6 60.b4 Ke6 61.Ne5 Ne7 62.b6 Kd6 63.b5 d4 64.Ke4  1-0

[Event "FIDE WCh Women KO"]
[Site "Ekaterinburg RUS"]
[Date "2006.03.12"]
[Round "1.2"]
[White "Amura,C"]
[Black "Krush,I"]
[Result "1-0"]
[WhiteElo "2366"]
[BlackElo "2447"]

1.e4 c5 2.Nc3 Nc6 3.Bb5 Nd4 4.Bc4 e6 5.Nge2 Ne7 6.Nxd4 cxd4 7.Ne2 Nc6 8.O-O Bc5
9.d3 O-O 10.Bd2 a6 11.a4 d5 12.exd5 exd5 13.Bb3 Be6 14.a5 Bd6 15.Qe1 Re8
16.f3 Qf6 17.Qf2 Re7 18.f4 h5 19.h3 h4 20.Kh1 Rae8 21.Ng1 Bc7 22.Be1 Qf5
23.Qxh4 f6 24.Qf2 Bf7 25.Bd2 Kh7 26.Ba4 Bd6 27.g4 Qd7 28.Rae1 Rxe1 29.Rxe1 Rxe1
30.Qxe1 Qc7 31.Ne2 Kg8 32.Kg2 Kf8 33.Kf3 Kg8 34.Bxc6 bxc6 35.Nxd4 c5 36.Ne6 Qb8
37.b3 Be8 38.d4 c4 39.Qe3 Bd7 40.f5 Qb5 41.Kf2 Kf7 42.h4 cxb3 43.cxb3 Qb8
44.g5 fxg5 45.Qxg5 Bf8 46.Qg6+ Kg8 47.Qg3 Qc8 48.Nxg7 Bxg7 49.f6 Bg4 50.fxg7 Qf5+
51.Kg1 Kxg7 52.Qc7+ Kg8 53.Qb8+ Kf7  1-0

[Event "TCh-FIN 2005-6"]
[Site "Espoo FIN"]
[Date "2006.03.12"]
[Round "9"]
[White "Paakkonen,T"]
[Black "Salminen,J"]
[Result "1/2-1/2"]
[WhiteElo "2263"]
[BlackElo "2022"]

1.e4 c5 2.Nc3 Nc6 3.Nge2 d6 4.d4 cxd4 5.Nxd4 e5 6.Nb3 Nf6 7.Be2 Be6 8.Bg5 Be7
9.Qd2 O-O 10.O-O a6 11.Rad1 Qc7 12.Kh1 Rfd8 13.f4 d5 14.Bxf6 dxe4 15.Qe1 Bxf6
16.Nxe4 Be7 17.f5 Bd5 18.Nc3 Nb4 19.Nxd5 Nxd5 20.Bf3  1/2-1/2

[Event "2nd ch-SCG"]
[Site "Pancevo SCG"]
[Date "2006.03.12"]
[Round "13"]
[White "Kontic,D"]
[Black "Vuckovic,Bo"]
[Result "1/2-1/2"]
[WhiteElo "2355"]
[BlackElo "2506"]

1.e4 c5 2.Nc3 Nc6 3.Nge2 Nf6 4.d4 cxd4 5.Nxd4 e5 6.Nf5 d5 7.Nxd5 Nxd5 8.Qxd5 Qxd5
9.exd5 Bxf5 10.dxc6 bxc6 11.Bd3 Bxd3 12.cxd3 O-O-O 13.Ke2 Bc5 14.Be3 Bb6
15.Rhc1 Kb7 16.Rc4 Rd6 17.a4 Rhd8 18.Ra3 Rd5  1/2-1/2

[Event "XXII Open"]
[Site "Reykjavik ISL"]
[Date "2006.03.12"]
[Round "7"]
[White "Nataf,IA"]
[Black "Ermenkov,E"]
[Result "1-0"]
[WhiteElo "2553"]
[BlackElo "2462"]

1.e4 c5 2.Nc3 Nc6 3.Nge2 d6 4.d4 cxd4 5.Nxd4 Nf6 6.Bg5 Bd7 7.Qd2 a6 8.O-O-O e6
9.f4 h6 10.Bh4 Nxe4 11.Qe1 Nf6 12.Nf5 Qa5 13.Nxd6+ Bxd6 14.Rxd6 Qc7 15.Qd2 O-O-O
16.Bf2 Kb8 17.Bc5 b6 18.Ba3 Bc8 19.Be2 Na5 20.Rd1 Nb7 21.Rxd8 Rxd8 22.Qxd8 Qxd8
23.Rxd8 Nxd8 24.Bd6+ Ka7 25.Be7 Nb7 26.Bxf6 gxf6 27.Ne4 f5 28.Nf6 Nd6 29.Ng8 Bb7
30.g3 Kb8 31.Nxh6 Bc6 32.h4 Kc7 33.h5 Kd8 34.Ng8 Ke8 35.h6 Kf8 36.Nf6 a5
37.Kd2 Ne8 38.Nxe8 Bxe8 39.b3 Kg8 40.a4 Bd7 41.Kc3 Kh7 42.Kd4 f6 43.c4 Kxh6
44.c5 bxc5+ 45.Kxc5 Kg6 46.Kb6 e5 47.Kxa5 Bc6 48.b4 Bg2 49.b5 e4 50.b6 Bf3
51.b7 Bxe2 52.b8=Q Kh5 53.Qg8 Bf3 54.Qh7+  1-0

[Event "XXII Open"]
[Site "Reykjavik ISL"]
[Date "2006.03.12"]
[Round "7"]
[White "Ptacnikova,L"]
[Black "Omarsson,D"]
[Result "1-0"]
[WhiteElo "2204"]
[BlackElo "1714"]

1.e4 c5 2.Nc3 Nc6 3.Bb5 Nd4 4.Bc4 g6 5.Nf3 Bg7 6.Nxd4 cxd4 7.Qf3 e6 8.Nb5 Qb6
9.Qg3 e5 10.Qa3 Bf8 11.Qb3 Nh6 12.d3 f6 13.c3 a6 14.Nxd4 Qxb3 15.Nxb3 d6
16.Bd5 Ng8 17.Na5 Rb8 18.Be3 Ne7 19.Bb3 Nc6 20.Nc4 Ke7 21.Bb6 Kd7 22.Ne3 Bg7
23.Nd5 f5 24.O-O Ne7 25.Ba4+ Ke6 26.Nc7+ Kf6 27.Ba7 Be6 28.Bxb8 Rxb8 29.Ne8+ Kf7
30.Nxd6+ Kg8 31.exf5 Nxf5 32.Nxf5 Bxf5 33.Rad1 Rd8 34.Bc2  1-0

[Event "XXII Open"]
[Site "Reykjavik ISL"]
[Date "2006.03.14"]
[Round "9"]
[White "Gara,A"]
[Black "Johansson,V"]
[Result "0-1"]
[WhiteElo "2367"]
[BlackElo "2222"]

1.e4 c5 2.Nf3 Nc6 3.Nc3 g6 4.d4 cxd4 5.Nxd4 Bg7 6.Be3 Nf6 7.Bc4 Qa5 8.f3 Qb4
9.Bb3 Nxe4 10.Nxc6 Bxc3+ 11.bxc3 Qxc3+ 12.Ke2 dxc6 13.Bd4 e5 14.Qd3 Qxd4
15.Qxd4 exd4 16.fxe4 O-O 17.Kd3 c5 18.Bd5 Rb8 19.a4 Be6 20.Rhb1 b6 21.a5 b5
22.a6 Bxd5 23.exd5 Rfe8 24.Ra5 Re3+ 25.Kd2 c4 26.Re1 Rxe1 27.Kxe1 Kf8 28.d6 Ke8
29.Ra1 Rb6 30.Kd2 Rxd6 31.Re1+ Re6  0-1

[Event "XXII Open"]
[Site "Reykjavik ISL"]
[Date "2006.03.14"]
[Round "9"]
[White "Ermenkov,E"]
[Black "Zaremba,An"]
[Result "1-0"]
[WhiteElo "2462"]
[BlackElo "2316"]

1.e4 c5 2.Nc3 Nc6 3.Nge2 g6 4.d4 cxd4 5.Nxd4 Bg7 6.Nde2 Nf6 7.g3 d6 8.Bg2 h5
9.h3 Be6 10.Nd5 Bxd5 11.exd5 Ne5 12.a4 O-O 13.O-O a6 14.Ra2 Kh7 15.b3 Bh6
16.f4 Qb6+ 17.Qd4 Qxd4+ 18.Nxd4 Ned7 19.Re1 Rae8 20.a5 Bg7 21.Bb2 Ng8 22.c4 Nh6
23.b4 Nf5 24.Nxf5 gxf5 25.Bxg7 Kxg7 26.Rc2 Kf6 27.c5 Rc8 28.Rec1 Rfd8 29.c6 Nf8
30.cxb7 Rb8 31.Rc8  1-0

[Event "ch-BLR"]
[Site "Minsk BLR"]
[Date "2006.03.16"]
[Round "13"]
[White "Zhigalko,S"]
[Black "Lutsko,I"]
[Result "1-0"]
[WhiteElo "2496"]
[BlackElo "2487"]

1.e4 c5 2.Nc3 Nc6 3.Bb5 Nd4 4.Bc4 e6 5.Nge2 Ne7 6.Nxd4 cxd4 7.Ne2 Nc6 8.O-O Bc5
9.d3 O-O 10.a3 Kh8 11.Ng3 Ne7 12.Qh5 Bb6 13.Bd2 f6 14.Rae1 d6 15.Kh1 Bd7
16.f4 Rc8 17.f5 g6 18.fxg6 Nxg6 19.Qh6 Qe7 20.Nh5 Rf7 21.Rf2 Rcf8 22.Ref1 Bd8
23.h3 Ba4 24.Bc1 Bc6 25.Kg1 Kg8 26.Bg5 fxg5 27.Rxf7 Rxf7 28.Rxf7 Kxf7 29.Qxh7+ Kf8
30.Qh6+ Kf7 31.Qg7+ Ke8 32.Qxg6+ Kd7 33.Bb3 a5 34.a4 d5 35.e5 Qe8 36.Qg7+ Qe7
37.Nf6+ Kc8 38.Qxg5 Qb4 39.Kh2 b5 40.Qg4 Bd7 41.Nxd7 Kxd7 42.Bxd5 Qe7 43.axb5 Bb6
44.Bc6+ Kc7 45.Qg8 Ba7 46.Qa8 Kb6 47.Qc8 a4 48.Qa6+ Kc5 49.Qxa4 Qg7 50.b4+  1-0

[Event "2nd Bundesliga West 2005-6"]
[Site "Austria AUT"]
[Date "2006.03.17"]
[Round "9"]
[White "Pitl,G"]
[Black "Weindl,A"]
[Result "1/2-1/2"]
[WhiteElo "2339"]
[BlackElo "2360"]

1.e4 c5 2.Nc3 Nc6 3.Bb5 g6 4.Bxc6 dxc6 5.d3 Bg7 6.Be3 b6 7.Qd2 e5 8.O-O-O Nf6
9.h3 Qe7 10.f4 exf4 11.Bxf4 Nd7 12.Nf3 Ne5 13.Rhf1 O-O 14.g4 Bd7 15.Kb1 Nxf3
16.Rxf3 Be5 17.Bh6 Rfe8 18.Rdf1 Be6 19.Nd1 f6 20.Ne3 Rad8 21.Bf4 Rf8 22.Qe1 Qd6
23.Bxe5 Qxe5 24.Qf2 Kg7 25.h4 Rf7 26.h5 Rdf8 27.hxg6 hxg6 28.Nf5+ Bxf5 29.gxf5 g5
30.Rh3 Rg8 31.Qf3 Kf8 32.Qg4 Ke7 33.a3 Rgg7 34.Rfh1 Qf4 35.Qxf4 gxf4 36.Rf3 Rg4
37.Rhf1 Kd6 38.Rxf4 Rxf4 39.Rxf4 Ke5 40.Rh4 c4 41.Rh8 Kd4 42.Rd8+ Ke3 43.b4 cxb3
44.cxb3 Kd2 45.Kb2 c5 46.b4 cxb4 47.axb4 b5 48.d4 Rc7 49.e5 Rc2+ 50.Kb3 Rc3+
51.Kb2 Rc2+  1/2-1/2